15 Largest Cities in Sweden🇸🇪 - Statistics

General Stats
  • This quiz has been taken 57 times
  • The average score is 9 of 15
Answer Stats
Population City % Correct
301k Malmo
100%
1.5 mil Stockholm
98%
572k Gothenburg
96%
149k Uppsala
92%
104k Helsingborg
81%
106k Linkoping
81%
93k Norrkoping
79%
93k Jonkoping
63%
117k Vasteras
63%
83k Umea
62%
87k Lund
60%
115k Orebro
58%
139k Sollentuna
6%
90k Huddinge
4%
127k Sodermalm
2%
No matching quizzes found
Score Distribution
Percent of People with Each Score
Percentile by Number Answered
Your Score History
You have not taken this quiz